[Event "Las Vegas National op"]
[Site "Las Vegas"]
[Date "2015.06.21"]
[Round "5"]
[White "Luaces, Juan"]
[Black "Panchanatham, Vignesh"]
[Result "0-1"]
[WhiteElo "2087"]
[BlackElo "2227"]
[PlyCount "69"]
[EventDate "2015.06.19"]
[EventType "swiss"]
[EventRounds "6"]
[EventCountry "USA"]
[SourceTitle "CBM 167 Extra"]
[Source "ChessBase"]
[SourceDate "2015.09.14"]
[SourceVersion "1"]
[SourceVersionDate "2015.09.14"]
[SourceQuality "1"]

1. d4 d5 2. Nf3 e6 3. g3 Nf6 4. Bg2 Nbd7 5. 0-0 b5 6. a4 b4 7. a5 Ba6 8. c3 Rb8 9. Bg5 h6 10. Bxf6 Qxf6 11. Re1 Bd6 12. Nbd2 bxc3 13. bxc3 0-0 14. e4 dxe4 15. Nxe4 Qf5 16. Nh4 Qb5 17. Bf1 Qc6 18. Bxa6 Qxa6 19. d5 exd5 20. Nxd6 cxd6 21. Qxd5 Rb5 22. Qd4 Rxa5 23. Rxa5 Qxa5 24. Qxd6 Qxc3 25. Re7 Nf6 26. Nf5 Qf3 27. Re5 Ne4 28. Qd4 Ng5 29. Nxg7 Qf6 30. Nh5 Qxe5 31. Qg4 Qe1+ 32. Kg2 Qe4+ 33. f3 Qxg4 34. Nf6+ Kg7 35. Nxg4 0-1